000 00416cam a2200181ua 4500
001 9119
008 150221n ii |||gr||||Z||||||eng
040 _cMAIN
041 _aeng
082 _a370
100 _aSarma, M. Kr.,
_eAuthor.
245 1 _aHigher secondary education
_cBy Mukul Kumar Sarma
250 _a1st.
260 _aGuwahati:
_bJyoti,
_c2011.
300 _a326p.
653 _aEducation
942 _cBK
999 _c8191
_d8191